000 00845nam a2200241Ia 4500
003 OSt
005 20220918111015.0
006 a|||||r|||| 00| 0
007 ta
008 220915b |||||||| |||| 00| 0 hin d
024 _a245941
037 _cReference Collections
040 _aARTS
_cARTS
_bhin
041 _2hin
_ahin
082 _aD8k, P3(RR)
100 _aभिडे, शंकर गोपाल, संपा.
245 0 _aयंत्रालयाचा ज्ञानकोश
246 _aYantrālayāchā jnyānakosha
260 _aमुंबई
_bराज्य मराठी विकास संस्था
_c2003
300 _a825़़, 206पृ0
942 _hD8k, P3(RR)
_cREF
999 _c116375
_d116375